Gaming Quiz

Random Gaming or Puzzle Quiz

16 Little Video Game Character Pictograms Quiz Stats

 Plays Quiz Updated Jun 1, 2018

Challenge
Share
Tweet
Score 0/16 Timer 05:00
28 Plays Today
Hint Answer % Correct
Donkey Kong
97.6%
Knuckles
90.7%
Link
89.8%
Princess Peach
88%
Pacman
84.8%
King Hippo
84.8%
Toad
81.7%
Kirby
81.7%
Hint Answer % Correct
Pikachu
73.8%
Birdo
72.3%
Earthworm Jim
68.7%
Q-Bert
65.2%
Dr. Robotnik
64%
Luigi
61.5%
M. Bison
54.4%
E. Honda
51.8%

You're not logged in!

Compare scores with friends on all Sporcle quizzes.
Join for Free
OR
Log In

You Might Also Like...

Show Comments

Extras

Top Quizzes Today


Score Distribution

Your Account Isn't Verified!

In order to create a playlist on Sporcle, you need to verify the email address you used during registration. Go to your Sporcle Settings to finish the process.

Report this User

Report this user for behavior that violates our Community Guidelines.

Details: